Largest US Capitals Quiz Stats

 Plays Quiz Updated Jan 4, 2019

Support Sporcle.
Go Orange.
Score 0/10 Timer 02:00
0 Plays Today
Population Capital % Correct
790,390 Austin, Texas
88.9%
466,488 Sacramento, California
86.8%
617,594 Boston, Massachusetts
81.5%
1,445,632 Phoenix, Arizona
78.4%
420,003 Atlanta, Georgia
77.9%
600,158 Denver, Colorado
69.5%
787,033 Columbus, Ohio
64.7%
820,445 Indianapolis, Indiana
64%
579,999 Oklahoma City, Oklahoma
58%
601,222Nashville, Tennessee
56.9%

From the Vault

50 Years of Film History

by MSUKent

Movies 20m
Film history is full of more surprises than a Hitchcock movie.
Remove Ads.
Support Sporcle.
Get the best of Sporcle when you Go Orange. This ad-free experience offers more features, more stats, and more fun while also helping to support Sporcle. Thank you for becoming a member.

Show Comments

Extras

Top Quizzes Today


Score Distribution

Your Account Isn't Verified!

In order to create a playlist on Sporcle, you need to verify the email address you used during registration. Go to your Sporcle Settings to finish the process.

Report this User

Report this user for behavior that violates our Community Guidelines.

Details: